| 000 | 00621nam a22002057a 4500 | ||
|---|---|---|---|
| 005 | 20150216111246.0 | ||
| 008 | 150216b mx||||| |||| 00| 0 spa d | ||
| 020 | _a9786074591415 | ||
| 050 | 0 | 4 |
_aHQ767 _bI78 2013 |
| 100 | 1 | _aIrure, Martín | |
| 245 | 1 | 0 |
_a100 preguntas sobre el aborto : _b100 respuestas a favor de la vida / _cMartín Irure. |
| 250 | _a2a ed. | ||
| 260 |
_aMéxico : _bPalabras, _c2013 |
||
| 300 |
_a119 p. : _bil.; _c21 cm. |
||
| 504 | _aIncluye bibliografias e índice | ||
| 650 | 7 |
_2LEMB _aaborto _xética |
|
| 650 | 7 |
_2LEMB _aAborto _xVida |
|
| 650 | 7 |
_2LEMB _aAspectos sociales |
|
| 942 |
_2lcc _cLIB |
||
| 999 |
_c88529 _d88529 |
||